Statystyki dla Flagi Województw

Kliknij tutaj aby rozwiązać quiz!

Ogólne statystyki

  • Ten quiz został rozwiązany 19 razy
  • Średni wynik to 10 z 16

Statystyki odpowiedzi

Odpowiedź% Poprawnych
Lubelskie
86%
Dolnośląskie
79%
Łódzkie
79%
Opolskie
79%
Lubuskie
71%
Podkarpackie
71%
Małopolskie
64%
Mazowiecki
64%
Podlaskie
64%
Śląskie
64%
Kujawsko Pomorskie
57%
Wielkopolskie
57%
Zachodnio Pomorskie
57%
Pomorskie
50%
Warmińsko Mazurskie
50%
Świętokrzyskie
36%

Rozkład punktacji

Percentyl według liczby udzielonych odpowiedzi

Procent ludzi z każdym wynikiem

Twoja historia wyników

Nie rozwiązałeś tego quizu